Kvalitnejšiu praktickú prípravu Odborové organizácie pomáhajú pri prestavbe učňovského školstva

Podrobná bibliografia
Hlavný autor: Papinčáková, Z. (Autor)
Médium: Článok
Jazyk:slovenčina
Predmet:

MARC

LEADER 00000nab a2200000 a 4500
001 vtls000095369
003 SK-MaSNL
005 20260303021707.0
008 111104c1981 xo 0 slo
015 |a SNBRB19rr/mm-uuuuu 
035 |a CL0105472 
040 |a SNKBUCL  |b slo  |c SNKBUCL  |e AACR2 
041 0 |a slo 
044 |a xo  |c SK 
080 |a 377.35  |2 1981 
100 1 |a Papinčáková, Z.  |4 aut  |9 932831 
245 1 0 |a Kvalitnejšiu praktickú prípravu  |b Odborové organizácie pomáhajú pri prestavbe učňovského školstva  |c Z. Papinčáková 
650 0 7 |a učilištia stredné  |2 snkbucl  |9 923909 
651 7 |a 5400  |2 snkbucl  |9 279426 
655 7 |a články z novín a časopisov  |2 snkbucl  |9 267496 
773 0 |t Východoslovenské noviny  |g Roč. 30, č. 209 (4. 9. 1981), s. 3 
850 |a Slovenská národná knižnica v Martine  |a MTA001 
852 |a SNK  |b KIS3GCP 
958 |a RK 
992 |a RBX 
999 |c 1624713  |d 1626643